| 000 | 00609nam a2200217 a 4500 | ||
|---|---|---|---|
| 008 | |||
| 020 | _a380094751X (pbk.) | ||
| 049 | _aMAIN | ||
| 090 | _aTK7879.9 | ||
| 100 | _aGelder, Erich | ||
| 245 | 4 |
_aThe Transistor / _cEric Gelder and Karl-Heinz Reiter. |
|
| 260 |
_aBerlin : _bSiemens-Aktiengesllschaft, _c1988 |
||
| 300 |
_a68 p. : _bill. ; _c21cm. |
||
| 650 | _acomputer programming | ||
| 700 | _aReiter, Karl-Heinz | ||
| 907 |
_a.b10160644 _b11-08-05 _c23-03-05 |
||
| 003 | |||
| 005 | 20230123133959.0 | ||
| 040 | _cNUST | ||
| 942 |
_cBOOKS _kTK7879.9 |
||
| 999 |
_c157947 _d157947 |
||